000 00336cam a2200145ua 4500
041 _aeng
_h
082 _a821
_bCHU/PO
100 _aChurch, Richard .
245 _aPoems of our time (1900-1960) -981
260 _aLondon :
_bJ M Dent and Sons Ltd ,
_c1961.
300 _a350 ; .
504 _a
942 _cBK
999 _c4317
_d4317